000
00390nam a22001697a 4500
003
MPLRDC
005
20220104114208.0
008
210129b ||||| |||| 00| 0 eng d
082
_a
782.29 YM
100
_a
不详
245
_a
中国名人传
_c
260
_a
_b
辅新书局
_c
1989
300
_b
平
490
_a
名人传记丛书
650
_a
中国传记
942
_c
BK
_o
782.29 YM
999
_c
5575
_d
5565